Il limite presente /

में बचाया:
ग्रंथसूची विवरण
मुख्य लेखक: Scognamiglio, Cesarina (लेखक)
स्वरूप: पुस्तक
भाषा:इतालवी
प्रकाशित: Milano : Nuovi autori, °2004!
श्रृंखला:Narrativa
टैग: टैग जोड़ें
कोई टैग नहीं, इस रिकॉर्ड को टैग करने वाले पहले व्यक्ति बनें!

MARC

LEADER 00000nam a22000007i 4500
001 IT\ICCU\BVE\0369071
003 ItRI
005 20260115231923.0
008 050124s2004 it |||||| ||||| |||||c
020 |a 8875680353 
040 |b ita  |c importazione bologna sebina 
041 7 |a ita  |2 ISO-639-2 
100 1 |a Scognamiglio, Cesarina  |0 IT\ICCU\BVEV\122985  |4 aut 
245 1 3 |a Il limite presente /  |c Cesarina Scognamiglio. 
260 |a Milano :  |b Nuovi autori,  |c °2004! 
300 |a 201 p. ;  |c 21 cm. 
830 0 |a Narrativa  |0 IT\ICCU\CFI\0012456 
942 |2 ddc  |c BK  |n 0 
952 |0 0  |1 0  |4 0  |6 DOC_853_920000000000000_SCO  |7 0  |9 16563  |a BO  |b BO  |d 2026-01-15  |i 8472  |l 0  |o DOC 853.92 SCO  |p BO8472  |r 2026-01-15 23:19:23  |w 2026-01-15  |x [Sebina 5] [1 v.]  |y BK  |z 1 v. 
999 |c 14177  |d 14177